Celostný prístup k vzdelávaniu: rozhodujúci faktor dlhodobého udržateľného rozvoja spoločnosti
Netradičný prístup k vymedzeniu vzdelávania. Celostná spôsobilosť, odborná zdatnosť, praktická zručnosť, sociálna zrelosť. Význam vzdelávania v manažmente pre súčasný svet. Prístupy k vzdelávaniu - didaktický, sokratovský, facilitatívny.
Uložené v:
| Hlavný autor: | |
|---|---|
| Médium: | Kapitola |
| Jazyk: | Slovak |
| Predmet: | |
| Tagy: |
Žiadne tagy, Buďte prvý, kto otaguje tento záznam!
|
MARC
| LEADER | 00000naa$a2200000$$$4500 | ||
|---|---|---|---|
| 001 | 0165921 | ||
| 005 | 20240502083406.0 | ||
| 041 | 0 | |a slo | |
| 044 | |a CZ | ||
| 245 | 1 | 0 | |a Celostný prístup k vzdelávaniu: rozhodujúci faktor dlhodobého udržateľného rozvoja spoločnosti |c Ján Porvazník |
| 520 | |a Netradičný prístup k vymedzeniu vzdelávania. Celostná spôsobilosť, odborná zdatnosť, praktická zručnosť, sociálna zrelosť. Význam vzdelávania v manažmente pre súčasný svet. Prístupy k vzdelávaniu - didaktický, sokratovský, facilitatívny. | ||
| 610 | 2 | 0 | |a spoločnosť |
| 610 | 2 | 0 | |a vzdelávanie |
| 610 | 2 | 0 | |a rozvoj trvalo udržateľný |
| 100 | 1 | |a Porvazník, Ján | |